| 000 | 00500cam a2200181 4500 | ||
|---|---|---|---|
| 001 | D13042 | ||
| 008 | 090401t1933 xxu||||| |||| 00| 0 eng d | ||
| 035 | _a(Sirsi) u7441 | ||
| 041 | _aeng | ||
| 100 | _aHurst, John Thomas | ||
| 245 | 2 | _aA handbook of formulae, tables and memoranda for architectural surveyors, draughtsman and others engaged in building | |
| 250 | _a17th | ||
| 260 |
_aLondon _bE and F N Spon _c1933 |
||
| 350 | _a0 | ||
| 520 | _aShelf 117 | ||
| 942 | _n0 | ||
| 948 | _c04/03/1997 | ||
| 999 |
_c86417 _d86417 |
||